Language Quiz

Random Language Quiz
Score 0/22 Timer 04:00
0 Plays Today
Clue WEE Word % Correct
7 daysWEEk
93.7%
Use a broomsWEEp
92.4%
Sugary to tastesWEEt
92.4%
Excessively cute or daintytWEE
92.4%
October 31stHalloWEEn
91.1%
Unwanted garden plantWEEd
91.1%
Type of fabric or Tammany Hall bosstWEEd
83.5%
Kid who is 12 or undertWEEn
83.5%
Demonic barber ToddsWEEney
83.5%
A nerd or geekdWEEb
79.7%
In the space that separatesbetWEEn
73.4%
Clue WEE Word % Correct
Become lachrymoseWEEp
68.4%
One the Wonderland twinstWEEdledee
68.4%
A crop-destroying beetleWEEvil
63.3%
Slangy hot dogWEEnie
55.7%
A member of a youth sports leaguepeeWEE
54.4%
Very small (hyphenated)teensy-WEEnsy
48.1%
Former Colts coach EubankWEEb
38%
Pokémon that evolves from KoffingWEEzing
27.8%
Arrogant and presumptuousoverWEEning
19%
The party who will receive a checkdraWEE
17.7%
1/100th of a Zambian kwachangWEE
11.4%
Remove Ads.
Support Sporcle.
Get the best of Sporcle when you Go Orange. This ad-free experience offers more features, more stats, and more fun while also helping to support Sporcle. Thank you for becoming a member.

You're not logged in!

Compare scores with friends on all Sporcle quizzes.
OR
Log In

Show Comments

Extras

Created Jan 21, 2015ReportNominate
Tags:length, Wee

Top Quizzes Today


Score Distribution

Your Account Isn't Verified!

In order to create a playlist on Sporcle, you need to verify the email address you used during registration. Go to your Sporcle Settings to finish the process.

Report this User

Report this user for behavior that violates our Community Guidelines.

Details: